| 000 | 00441nam a2200145Ia 4500 | ||
|---|---|---|---|
| 008 | 220803s9999 xx 000 0 und d | ||
| 020 | _a9788173055249 | ||
| 041 | _aeng | ||
| 082 | _a712 RAY | ||
| 100 |
_aRay H P Ed. _929751 |
||
| 245 | _aMausam : Maritime Cultural Landscapes Across The Indian Ocean .-9788173055249 | ||
| 260 |
_b"National Monuments Authority, New Delhi" _c2014 |
||
| 300 | _a94p | ||
| 650 |
_aLandscape Architecture _929752 |
||
| 999 |
_c18612 _d18612 |
||